Faux VS vrais drapeaux #5 - Mort subite - Statistiques

Statistiques générales
  • Ce quiz a été pris 1 990 fois
  • Le résultat moyen est 6 sur 10
Answers on the Grid
Answers color-coded by a green-red scale on the quiz's grid according to % correct below.
Trulli
Trulli
Trulli
Trulli
Trulli
Trulli
Trulli
Trulli
Trulli
Trulli
Trulli
Trulli
Trulli
Trulli
Trulli
Trulli
Trulli
Trulli
Trulli
Trulli
 
Statistiques - réponses
Réponse % Correct
Trulli
84%
Trulli
79%
Trulli
73%
Trulli
63%
Trulli
61%
Trulli
60%
Trulli
54%
Trulli
49%
Trulli
48%
Trulli
23%
Aucun quiz correspondant
Distribution des résultats
% des personnes avec chaque résultat
Percentile par nombre de réponses
Votre historique - résultats
Vous n’avez pas pris ce quiz